[Event "Charleville Mezieres op 14th"]
[Site "Charleville Mezieres"]
[Date "2017.12.26"]
[Round "7"]
[White "Toro, William"]
[Black "Picot, Nathan"]
[Result "0-1"]
[WhiteElo "1440"]
[BlackElo "1203"]
[PlyCount "68"]
[EventDate "2017.12.26"]
[EventType "swiss"]
[EventRounds "7"]
[EventCountry "FRA"]
[SourceTitle "CBM 182 Extra"]
[Source "ChessBase"]
[SourceDate "2018.02.23"]
[SourceVersion "1"]
[SourceVersionDate "2018.02.23"]
[SourceQuality "1"]

1. d4 d5 2. Nf3 c6 3. Bf4 Nf6 4. e3 Bf5 5. c4 Nh5 6. g3 Nxf4 7. gxf4 e6 8. Nc3 Nd7 9. cxd5 cxd5 10. Nh4 Qxh4 11. Rc1 Be7 12. Bb5 Rd8 13. Qa4 a6 14. Bxd7+ Rxd7 15. Ne2 Bd8 16. Rg1 g6 17. Ng3 Qe7 18. f3 0-0 19. e4 dxe4 20. fxe4 Bg4 21. Rh1 Bh3 22. Rc3 Bb6 23. Rd3 Rc8 24. Ne2 Bg4 25. h4 Bxe2 26. Kxe2 Rdc7 27. Kd2 a5 28. a3 Qf6 29. Ke3 Rc1 30. Rh2 Re1+ 31. Re2 Rxe2+ 32. Kxe2 Qxf4 33. h5 Qg4+ 34. Kd2 Qxh5 0-1

[Event "Charleville Mezieres op 14th"]
[Site "Charleville Mezieres"]
[Date "2017.12.26"]
[Round "1"]
[White "Toro, William"]
[Black "Pytel, Bozena"]
[Result "0-1"]
[WhiteElo "1440"]
[BlackElo "1882"]
[PlyCount "72"]
[EventDate "2017.12.26"]
[EventType "swiss"]
[EventRounds "7"]
[EventCountry "FRA"]
[SourceTitle "CBM 182 Extra"]
[Source "ChessBase"]
[SourceDate "2018.02.23"]
[SourceVersion "1"]
[SourceVersionDate "2018.02.23"]
[SourceQuality "1"]

1. d4 Nf6 2. c4 e6 3. Nc3 d5 4. Bg5 Be7 5. Qa4+ c6 6. e3 0-0 7. cxd5 exd5 8. Bxf6 Bxf6 9. Qc2 Re8 10. Bd3 g6 11. Nf3 Bg4 12. Be2 Bxf3 13. Bxf3 Bxd4 14. 0-0 Bg7 15. Rad1 Nd7 16. Rfe1 Ne5 17. Be4 Qa5 18. Bf3 Nxf3+ 19. gxf3 Qb4 20. a3 Qh4 21. Rd4 Bxd4 22. Re2 Be5 23. f4 Qg4+ 24. Kh1 Bxc3 25. bxc3 Re4 26. Qd1 Rae8 27. Qf1 Qf3+ 28. Kg1 Rxf4 29. exf4 Rxe2 30. f5 Re4 31. h3 Qxf5 32. f3 Re3 33. f4 Re4 34. Kf2 Rxf4+ 35. Kg1 Rxf1+ 36. Kh2 Qf2# 0-1